00936naa a22002537a 4500001001000000003000900010005001700019007000300036008003400039040005400073041000900127072002000136100001600156100001900172100001900191111008800210245006500298260004200363500012500405650000900530650001200539650000900551773012200560BR7704815BR-BrBNA20240918174032.0ta230509b bl.||||| |||| 00| 0 por d aBR-BrBNAbporcBiblioteca Nacional de Agricultura a(Pt) aF00b2120b35301 aViana, A.S.1 aMatiello, J.B.1 aRocha, A.B. da1 a5. Congresso Brasileiro de Pesquisas CafeeirascGuarapari, ES (Brazil)d18 Oct 19771 aProfundidade de plantio de mudas de cafeeiro em solo arenoso3 aRio de Janeiro, RJ (Brasil): c1977.  aResumos do 5. Congresso Brasileiro de Pesquisas Cafeeiras Rio de Janeiro, RJ (Brasil): 1977. p. 25-27 (BR7704815-AM)F00  aCAFE aPLANTIO aMUDA0 tResumos do 5. Congresso Brasileiro de Pesquisas CafeeiraswF00 BR7704815gRio de Janeiro, RJ (Brasil), 1977. p. 25-27